Normal view
MARC view
- أبو صلاح، مروان
Entry Personal Name
001 - CONTROL NUMBER
- control field: 24407
003 - CONTROL NUMBER IDENTIFIER
- control field: JO-AjAnu
005 - DATE AND TIME OF LATEST TRANSACTION
- control field: 20230606074202.0
008 - FIXED-LENGTH DATA ELEMENTS
- fixed length control field: 230606|| aca||aabn | a|a d
040 ## - CATALOGING SOURCE
- Original cataloging agency: JO-AjAnu
- Transcribing agency: JO-AjAnu
100 ## - HEADING--PERSONAL NAME
- Personal name: أبو صلاح، مروان
670 ## - SOURCE DATA FOUND
- Source citation: Work cat.: (JO-AjAnu)12550: أبو صلاح، مروان, author, مراتب الحب عند العرب وأشهر محبيهم